La Gestión pública intergubernamental en la Unión Europea : particularidades, dimensiones y futuro particularidades, dimensiones y futuro
Descripción Física:
53 p. ; 29 cm
MARC
| LEADER | 00000nam a2200000Ia 4500 | ||
|---|---|---|---|
| 001 | 18614 | ||
| 008 | 160829s2001 xx 000 0 cat d | ||
| 080 | |a M-5-362 | ||
| 245 | |a La Gestión pública intergubernamental en la Unión Europea : |b particularidades, dimensiones y futuro | ||
| 260 | |a Barcelona : |b Fundació Carles Pi i Sunyer d'Estudis Autonòmics i Locals, |c 2001 | ||
| 300 | |a 53 p. ; |c 29 cm | ||
| 490 | |a Documents d'història de l'Arxiu Pi i Sunyer ; 12 | ||
| 590 | |a Bibliografia | ||
| 650 | 0 | |a Administració pública |9 23819 | |
| 650 | |a Unió Europea |9 9344 | ||
| 710 | 1 | |a Fundació Carles Pi i Sunyer d'Estudis Autonòmics i Locals |9 52753 | |
| 901 | |a Arxiu | ||
| 942 | |n 1 | ||
| 952 | |0 0 |1 0 |4 0 |6 M5362 |7 1 |9 50776 |a Arxiu |b Arxiu |d 2016-12-01 |l 0 |o M-5-362 |p 18614 |r 2016-12-01 00:00:00 |w 2016-12-01 |y ARXIU | ||
| 999 | |c 54618 |d 54618 | ||